[Event "Chigorin Memorial 26th"]
[Site "St Petersburg"]
[Date "2018.11.03"]
[Round "8"]
[White "Sengupta, Deep"]
[Black "Kamsky, Gata"]
[Result "0-1"]
[WhiteElo "2557"]
[BlackElo "2666"]
[PlyCount "102"]
[EventDate "2018.10.27"]
[EventType "swiss"]
[EventRounds "9"]
[EventCountry "RUS"]
[SourceTitle "CBM 187 Extra"]
[Source "ChessBase"]
[SourceDate "2018.11.04"]
[SourceVersion "1"]
[SourceVersionDate "2018.11.04"]
[SourceQuality "1"]

1. c4 c5 2. Nc3 Nc6 3. Nf3 g6 4. g3 Bg7 5. Bg2 d6 6. O-O Nf6 7. d4 cxd4 8. Nxd4
Bd7 9. Nb3 a5 10. a4 O-O 11. c5 d5 12. Bg5 Ne4 13. Nxe4 dxe4 14. Bxe4 Be6 15.
Nc1 Qc8 16. Nd3 Rd8 17. Qb1 Bf5 18. Bxf5 Qxf5 19. Be3 Rd7 20. Ra3 Rad8 21. Nf4
Qxb1 22. Rxb1 e5 23. Nd3 e4 24. Nf4 Bd4 25. f3 exf3 26. exf3 Ne5 27. Bxd4 Rxd4
28. Rb3 Rc4 29. Rf1 Rd7 30. Rb5 Rxa4 31. Rf2 Kg7 32. Kg2 Nc6 33. Ne2 Rc4 34.
Nc3 a4 35. Ne4 Rb4 36. Rxb4 Nxb4 37. Kh3 f5 38. Nc3 Nd3 39. Re2 Nxc5 40. Re8
Rd2 41. Rc8 Nd3 42. Rc7+ Kh6 43. Nxa4 b5 44. Nc3 Nf2+ 45. Kg2 Ng4+ 46. Kg1 Nxh2
47. f4 b4 48. Na4 Nf3+ 49. Kf1 Kh5 50. Nb6 Kg4 51. Nc4 Rh2 0-1

[Event "Chigorin Memorial 26th"]
[Site "St Petersburg"]
[Date "2018.11.04"]
[Round "9"]
[White "Kamsky, Gata"]
[Black "Alekseev, Evgeny V"]
[Result "1/2-1/2"]
[WhiteElo "2666"]
[BlackElo "2620"]
[PlyCount "53"]
[EventDate "2018.10.27"]
[EventType "swiss"]
[EventRounds "9"]
[EventCountry "RUS"]
[SourceTitle "CBM 187 Extra"]
[Source "ChessBase"]
[SourceDate "2018.11.04"]
[SourceVersion "1"]
[SourceVersionDate "2018.11.04"]
[SourceQuality "1"]

1. g3 c5 2. Bg2 Nc6 3. d3 g6 4. e4 Bg7 5. Ne2 Nf6 6. O-O O-O 7. Nbc3 d6 8. h3
Rb8 9. f4 Nd7 10. a4 a6 11. Nd5 b5 12. axb5 axb5 13. f5 e6 14. Ne3 b4 15. Ng4
Nce5 16. f6 Nxf6 17. Nh6+ Kh8 18. Bg5 Ned7 19. Rf2 Qb6 20. Qf1 c4 21. Kh1 b3
22. Rxf6 Nxf6 23. Bxf6 bxc2 24. Ng4 Rg8 25. Nh6 Rf8 26. Ng4 Rg8 27. Nh6 1/2-1/2

[Event "Bundesliga 1819"]
[Site "Germany"]
[Date "2019.03.02"]
[Round "10.2"]
[White "Kryvoruchko, Yuriy"]
[Black "Kamsky, Gata"]
[Result "1/2-1/2"]
[WhiteElo "2698"]
[BlackElo "2666"]
[PlyCount "65"]
[EventDate "2018.11.10"]
[EventType "team-tourn"]
[EventRounds "15"]
[EventCountry "GER"]
[SourceTitle "CBM 189 Extra"]
[Source "ChessBase"]
[SourceDate "2019.06.03"]
[SourceVersion "1"]
[SourceVersionDate "2019.06.03"]
[SourceQuality "1"]
[WhiteTeam "Viernheim"]
[BlackTeam "Deizisau"]
[WhiteTeamCountry "GER"]
[BlackTeamCountry "GER"]

1. e4 e5 2. Nf3 Nf6 3. Nxe5 d6 4. Nf3 Nxe4 5. Nc3 Nf6 6. d4 Be7 7. Bd3 O-O 8.
O-O Re8 9. Ne2 Bf8 10. Ng3 g6 11. Bf4 Bg7 12. h3 b6 13. a4 a5 14. Qd2 Bb7 15.
Bg5 Nbd7 16. Bc4 Bxf3 17. gxf3 c6 18. Kg2 d5 19. Bd3 Nf8 20. h4 Ne6 21. c3 Qd6
22. Rh1 c5 23. Bb5 Red8 24. Be3 h5 25. Ne2 Ne8 26. Bd3 cxd4 27. cxd4 Rac8 28.
Rag1 Qb4 29. Qxb4 axb4 30. b3 Nd6 31. Bd2 Nf5 32. Bxf5 gxf5 33. Rc1 1/2-1/2

[Event "Bundesliga 1819"]
[Site "Germany"]
[Date "2019.03.09"]
[Round "12.2"]
[White "Kamsky, Gata"]
[Black "Khenkin, Igor"]
[Result "1-0"]
[WhiteElo "2666"]
[BlackElo "2546"]
[PlyCount "85"]
[EventDate "2018.11.10"]
[EventType "team-tourn"]
[EventRounds "15"]
[EventCountry "GER"]
[SourceTitle "CBM 189 Extra"]
[Source "ChessBase"]
[SourceDate "2019.06.03"]
[SourceVersion "1"]
[SourceVersionDate "2019.06.03"]
[SourceQuality "1"]
[WhiteTeam "Deizisau"]
[BlackTeam "Kiel Turm"]
[WhiteTeamCountry "GER"]
[BlackTeamCountry "GER"]

1. d4 d5 2. Nf3 Nf6 3. Bf4 c5 4. e3 Nc6 5. Nbd2 cxd4 6. exd4 Qb6 7. Nb3 Bf5 8.
c3 e6 9. Be2 Be7 10. Ne5 h6 11. a4 a6 12. a5 Qd8 13. Nxc6 bxc6 14. Nd2 Bd6 15.
Bg3 O-O 16. b4 Ne4 17. Nxe4 Bxe4 18. O-O Bxg3 19. hxg3 Qd6 20. Re1 Rfe8 21. Bf1
f6 22. Qd2 Bg6 23. c4 dxc4 24. Bxc4 Kh7 25. Qc3 Bf5 26. Be2 Reb8 27. g4 Bg6 28.
Qc5 Qxc5 29. bxc5 Be4 30. Bc4 Rb4 31. Bxe6 Bd5 32. Bf5+ Kg8 33. Rab1 Rab8 34.
Bg6 Bf7 35. Rxb4 Rxb4 36. Rb1 Rxb1+ 37. Bxb1 Bc4 38. Be4 Bb5 39. f3 Kf7 40. Kf2
Ke6 41. Ke3 g5 42. Bh7 Kd7 43. Bd3 1-0

[Event "Bundesliga 1819"]
[Site "Germany"]
[Date "2019.03.10"]
[Round "13.1"]
[White "Miton, Kamil"]
[Black "Kamsky, Gata"]
[Result "1/2-1/2"]
[WhiteElo "2590"]
[BlackElo "2666"]
[PlyCount "40"]
[EventDate "2018.11.10"]
[EventType "team-tourn"]
[EventRounds "15"]
[EventCountry "GER"]
[SourceTitle "CBM 189 Extra"]
[Source "ChessBase"]
[SourceDate "2019.06.03"]
[SourceVersion "1"]
[SourceVersionDate "2019.06.03"]
[SourceQuality "1"]
[WhiteTeam "Hamburger SK"]
[BlackTeam "Deizisau"]
[WhiteTeamCountry "GER"]
[BlackTeamCountry "GER"]

1. d4 d5 2. c4 c6 3. Nc3 Nf6 4. e3 g6 5. Nf3 Bg7 6. Be2 O-O 7. O-O a6 8. a4
dxc4 9. a5 Bg4 10. Bxc4 c5 11. d5 Ne8 12. h3 Bxf3 13. Qxf3 Nd6 14. Qe2 Nd7 15.
Bd2 Nxc4 16. Qxc4 b5 17. axb6 Nxb6 18. Qxc5 Rc8 19. Qb4 Nxd5 20. Nxd5 Qxd5
1/2-1/2

[Event "Bundesliga 1819"]
[Site "Germany"]
[Date "2019.04.06"]
[Round "14.2"]
[White "Miedema, David"]
[Black "Kamsky, Gata"]
[Result "1/2-1/2"]
[WhiteElo "2381"]
[BlackElo "2666"]
[PlyCount "63"]
[EventDate "2018.11.10"]
[EventType "team-tourn"]
[EventRounds "15"]
[EventCountry "GER"]
[SourceTitle "CBM 189 Extra"]
[Source "ChessBase"]
[SourceDate "2019.06.03"]
[SourceVersion "1"]
[SourceVersionDate "2019.06.03"]
[SourceQuality "1"]
[WhiteTeam "Duesseldorf"]
[BlackTeam "Deizisau"]
[WhiteTeamCountry "GER"]
[BlackTeamCountry "GER"]

1. e4 e5 2. Nf3 Nc6 3. Bb5 Nf6 4. O-O Nxe4 5. Re1 Nd6 6. Nxe5 Be7 7. Bf1 Nf5 8.
c3 O-O 9. d4 Nxe5 10. Rxe5 d6 11. Re2 d5 12. Bf4 Bd6 13. Be5 c6 14. Nd2 f6 15.
Bxd6 Nxd6 16. Qb3 Kh8 17. Rae1 Bf5 18. Re3 Bg6 19. Be2 Nf5 20. Rh3 Re8 21. Nf1
Re7 22. Qc2 Kg8 23. Qc1 Qe8 24. Ne3 Nd6 25. Kf1 Qd7 26. Nd1 Rae8 27. Re3 Be4
28. f3 Bg6 29. Kf2 Kf8 30. Bf1 Rxe3 31. Rxe3 Rxe3 32. Nxe3 1/2-1/2

[Event "Bundesliga 1819"]
[Site "Germany"]
[Date "2019.04.07"]
[Round "15.2"]
[White "Kamsky, Gata"]
[Black "Ragger, Markus"]
[Result "1-0"]
[WhiteElo "2666"]
[BlackElo "2701"]
[PlyCount "99"]
[EventDate "2018.11.10"]
[EventType "team-tourn"]
[EventRounds "15"]
[EventCountry "GER"]
[SourceTitle "CBM 189 Extra"]
[Source "ChessBase"]
[SourceDate "2019.06.03"]
[SourceVersion "1"]
[SourceVersionDate "2019.06.03"]
[SourceQuality "1"]
[WhiteTeam "Deizisau"]
[BlackTeam "Solingen"]
[WhiteTeamCountry "GER"]
[BlackTeamCountry "GER"]

1. d4 Nf6 2. Nf3 g6 3. c3 Bg7 4. Bf4 d6 5. h3 O-O 6. e3 Nbd7 7. Be2 Qe8 8. O-O
e5 9. Bh2 Qe7 10. a4 Re8 11. a5 a6 12. Nbd2 e4 13. Ne1 Nf8 14. Qb3 h5 15. Nc2
N8h7 16. c4 Ng5 17. Kh1 c6 18. Qa3 Bf8 19. d5 Bd7 20. Rad1 cxd5 21. cxd5 Bb5
22. Bxb5 axb5 23. Nd4 Qd7 24. Qb4 Nxd5 25. Qxb5 Qxb5 26. Nxb5 Rxa5 27. Nxd6
Bxd6 28. Nc4 Rc5 29. Nxd6 Re7 30. Rd4 Nf6 31. Bg3 Rc2 32. Rb4 Ne6 33. Nxb7 Nd5
34. Rb5 Nec7 35. Rb3 Na6 36. Rd1 Ndb4 37. Rd8+ Kh7 38. Nd6 g5 39. h4 Nd3 40.
hxg5 Nxf2+ 41. Bxf2 Rxf2 42. Rb6 Nc5 43. Rbb8 Ne6 44. Rh8+ Kg6 45. Rbg8+ Ng7
46. Rh6+ Kxg5 47. Rh7 f5 48. Rhxg7+ Rxg7 49. Rxg7+ Kf6 50. Rb7 1-0

[Event "Wch Rapid"]
[Site "St Petersburg"]
[Date "2018.12.26"]
[Round "1"]
[White "Kamsky, Gata"]
[Black "Sychev, Klementy"]
[Result "1-0"]
[WhiteElo "2666"]
[BlackElo "2537"]
[PlyCount "87"]
[EventDate "2018.12.26"]
[EventType "swiss (rapid)"]
[EventRounds "15"]
[EventCountry "RUS"]
[SourceTitle "CBM 187 Extra"]
[Source "ChessBase"]
[SourceDate "2018.11.04"]
[SourceVersion "1"]
[SourceVersionDate "2018.11.04"]
[SourceQuality "1"]

1. e4 e5 2. Nf3 Nc6 3. Bb5 a6 4. Ba4 d6 5. c3 f5 6. exf5 Bxf5 7. O-O Bd3 8. Re1
Be7 9. Bc2 Bxc2 10. Qxc2 Nf6 11. d4 e4 12. Ng5 d5 13. Nd2 Nh5 14. Ndxe4 dxe4
15. Qxe4 Nf6 16. Qc2 Qd7 17. Ne6 Kf7 18. Bf4 Rhc8 19. Qb3 Qd5 20. Nxc7 Qxb3 21.
axb3 Ra7 22. d5 Nh5 23. dxc6 Nxf4 24. Nb5 axb5 25. Rxa7 Rxc6 26. Rxb7 Ne6 27.
Rxb5 Rd6 28. g3 Bf6 29. Re2 g5 30. h3 h5 31. Kg2 Kg6 32. b4 h4 33. Ra5 hxg3 34.
fxg3 Ng7 35. b5 Nf5 36. Ra6 Rd3 37. Ree6 Ne3+ 38. Kf2 Nd5 39. c4 Kf5 40. cxd5
Bd4+ 41. Kg2 Rd2+ 42. Kf1 Rxb2 43. Ra4 Rb1+ 44. Ke2 1-0

[Event "Wch Rapid"]
[Site "St Petersburg"]
[Date "2018.12.26"]
[Round "2"]
[White "Frolyanov, Dmitry"]
[Black "Kamsky, Gata"]
[Result "0-1"]
[WhiteElo "2517"]
[BlackElo "2666"]
[PlyCount "76"]
[EventDate "2018.12.26"]
[EventType "swiss (rapid)"]
[EventRounds "15"]
[EventCountry "RUS"]
[SourceTitle "CBM 187 Extra"]
[Source "ChessBase"]
[SourceDate "2018.11.04"]
[SourceVersion "1"]
[SourceVersionDate "2018.11.04"]
[SourceQuality "1"]

1. e4 c5 2. Nf3 e6 3. d4 cxd4 4. Nxd4 a6 5. Bd3 g6 6. O-O Bg7 7. Nb3 Ne7 8. c4
O-O 9. Nc3 Nbc6 10. Bg5 h6 11. Bf4 Ne5 12. Be2 g5 13. Be3 b6 14. Qd2 N7g6 15.
Rad1 Bb7 16. Na4 b5 17. cxb5 axb5 18. Nac5 Bc6 19. Nd4 Qa5 20. Nxc6 dxc6 21. a3
Nc4 22. Bxc4 bxc4 23. Qc2 c3 24. bxc3 Qxa3 25. Nd3 Qa4 26. Qxa4 Rxa4 27. Bc5
Rfa8 28. Bb4 Ra2 29. Nc5 Rc2 30. Rd6 Bxc3 31. Bxc3 Rxc3 32. Rxc6 Ne5 33. Ra6
Rb8 34. Na4 Rc4 35. f3 Rbb4 36. Ra1 Kg7 37. h3 Nd3 38. Rd6 Nf4 0-1

[Event "Wch Rapid"]
[Site "St Petersburg"]
[Date "2018.12.26"]
[Round "3"]
[White "Kamsky, Gata"]
[Black "Timofeev, Artyom"]
[Result "1/2-1/2"]
[WhiteElo "2666"]
[BlackElo "2589"]
[PlyCount "29"]
[EventDate "2018.12.26"]
[EventType "swiss (rapid)"]
[EventRounds "15"]
[EventCountry "RUS"]
[SourceTitle "CBM 187 Extra"]
[Source "ChessBase"]
[SourceDate "2018.11.04"]
[SourceVersion "1"]
[SourceVersionDate "2018.11.04"]
[SourceQuality "1"]

1. d4 Nf6 2. Nf3 g6 3. c3 Bg7 4. Bf4 b6 5. e3 Bb7 6. a4 a6 7. Nbd2 d6 8. h3 c5
9. Be2 O-O 10. O-O Nc6 11. Bh2 cxd4 12. exd4 d5 13. Bd3 Nd7 14. Re1 Re8 15. Nb3
1/2-1/2

[Event "Wch Rapid"]
[Site "St Petersburg"]
[Date "2018.12.26"]
[Round "4"]
[White "Petrosian, Tigran L"]
[Black "Kamsky, Gata"]
[Result "0-1"]
[WhiteElo "2598"]
[BlackElo "2666"]
[PlyCount "90"]
[EventDate "2018.12.26"]
[EventType "swiss (rapid)"]
[EventRounds "15"]
[EventCountry "RUS"]
[SourceTitle "CBM 187 Extra"]
[Source "ChessBase"]
[SourceDate "2018.11.04"]
[SourceVersion "1"]
[SourceVersionDate "2018.11.04"]
[SourceQuality "1"]

1. Nf3 Nf6 2. g3 g6 3. Bg2 Bg7 4. O-O O-O 5. d3 d5 6. Nbd2 b6 7. e4 dxe4 8. Ng5
Bb7 9. Ngxe4 Nxe4 10. Nxe4 Nc6 11. c3 Qd7 12. d4 Rad8 13. f4 e6 14. Be3 Ne7 15.
Bf2 Qc8 16. Qf3 Kh8 17. Rfe1 Qa8 18. Qg4 f5 19. Qh4 fxe4 20. Qxe7 e3 21. Bxb7
exf2+ 22. Kxf2 Qxb7 23. Rxe6 Qd5 24. Rae1 Qxa2 25. R1e2 Qc4 26. h4 c5 27. dxc5
Qxc5+ 28. Qxc5 bxc5 29. Re7 a5 30. Kf3 a4 31. Kg4 Bf6 32. R7e4 a3 33. bxa3 Bxc3
34. Re7 Rc8 35. h5 Bf6 36. Rb7 gxh5+ 37. Kxh5 c4 38. g4 c3 39. Rc2 Rfd8 40. g5
Rd2 41. Rc1 Bd4 42. f5 c2 43. f6 Be3 44. Re1 c1=Q 45. Rxc1 Rh2+ 0-1

[Event "Wch Rapid"]
[Site "St Petersburg"]
[Date "2018.12.26"]
[Round "5"]
[White "Kamsky, Gata"]
[Black "Oparin, Grigoriy"]
[Result "1/2-1/2"]
[WhiteElo "2666"]
[BlackElo "2613"]
[PlyCount "73"]
[EventDate "2018.12.26"]
[EventType "swiss (rapid)"]
[EventRounds "15"]
[EventCountry "RUS"]
[SourceTitle "CBM 187 Extra"]
[Source "ChessBase"]
[SourceDate "2018.11.04"]
[SourceVersion "1"]
[SourceVersionDate "2018.11.04"]
[SourceQuality "1"]

1. e4 e5 2. Nf3 Nc6 3. Bb5 a6 4. Ba4 Nf6 5. O-O Be7 6. Re1 b5 7. Bb3 d6 8. c3
O-O 9. d4 Bg4 10. d5 Na5 11. Bc2 Qc8 12. h3 Bd7 13. Bg5 c6 14. dxc6 Qxc6 15.
Nbd2 h6 16. Bh4 Nc4 17. Rb1 Be6 18. Nf1 Rfe8 19. Bd3 Rad8 20. b3 Nb6 21. Rc1
Qc7 22. Bxf6 Bxf6 23. Ne3 d5 24. Qe2 dxe4 25. Bxe4 Be7 26. Qc2 Bc5 27. Ng4 Nd5
28. Ngxe5 Nf4 29. Bf5 Bd5 30. c4 bxc4 31. bxc4 Bxf3 32. Nxf3 g6 33. Be4 Re7 34.
Bd5 Nxd5 35. cxd5 Rxd5 36. Rxe7 Qxe7 37. Rd1 1/2-1/2

[Event "Wch Rapid"]
[Site "St Petersburg"]
[Date "2018.12.27"]
[Round "6"]
[White "Anton Guijarro, David"]
[Black "Kamsky, Gata"]
[Result "1-0"]
[WhiteElo "2642"]
[BlackElo "2666"]
[PlyCount "81"]
[EventDate "2018.12.26"]
[EventType "swiss (rapid)"]
[EventRounds "15"]
[EventCountry "RUS"]
[SourceTitle "CBM 187 Extra"]
[Source "ChessBase"]
[SourceDate "2018.11.04"]
[SourceVersion "1"]
[SourceVersionDate "2018.11.04"]
[SourceQuality "1"]

1. e4 c5 2. Nf3 e6 3. d3 Nc6 4. g3 g6 5. Bg2 Bg7 6. O-O Nge7 7. c3 O-O 8. Re1
e5 9. a3 d6 10. b4 b6 11. Nbd2 h6 12. Bb2 a6 13. Nc4 b5 14. Ne3 a5 15. bxc5
dxc5 16. Nd5 Rb8 17. a4 b4 18. c4 Qd6 19. Nd2 Bd7 20. Nb3 g5 21. Qh5 Ng6 22.
Bh3 Bxh3 23. Qxh3 Nd4 24. Bxd4 exd4 25. Qf5 Kh8 26. f4 gxf4 27. gxf4 Rbc8 28.
Nxa5 Qd8 29. Nb3 Qh4 30. Re2 Rc6 31. Rg2 Qd8 32. Rg3 Ne7 33. Nxe7 Qxe7 34. Kh1
Rf6 35. Qg4 Rg6 36. Qf3 Rg8 37. a5 Bf8 38. e5 Qd7 39. Rxg6 Rxg6 40. a6 Qa7 41.
Qb7 1-0

[Event "Wch Rapid"]
[Site "St Petersburg"]
[Date "2018.12.27"]
[Round "7"]
[White "Kamsky, Gata"]
[Black "Shirov, Alexei"]
[Result "1-0"]
[WhiteElo "2666"]
[BlackElo "2643"]
[PlyCount "79"]
[EventDate "2018.12.26"]
[EventType "swiss (rapid)"]
[EventRounds "15"]
[EventCountry "RUS"]
[SourceTitle "CBM 187 Extra"]
[Source "ChessBase"]
[SourceDate "2018.11.04"]
[SourceVersion "1"]
[SourceVersionDate "2018.11.04"]
[SourceQuality "1"]

1. d4 d5 2. Nf3 Nf6 3. Bf4 c5 4. e3 cxd4 5. exd4 Bf5 6. c3 Nc6 7. Qb3 Qc8 8.
Be2 h6 9. O-O e6 10. Nbd2 Be7 11. Rfe1 O-O 12. h3 Ne4 13. Nxe4 Bxe4 14. Nd2 Bg6
15. a4 Rd8 16. a5 Bd6 17. Bxd6 Rxd6 18. Qa3 Qc7 19. Nb3 Rad8 20. Bb5 f6 21. Nc5
Bf7 22. a6 bxa6 23. Bxa6 Rb8 24. Bf1 Ra8 25. b4 Nd8 26. Qa5 Rb6 27. Na4 Rc6 28.
Qxc7 Rxc7 29. Nc5 Nb7 30. Ra6 e5 31. Rea1 Nxc5 32. dxc5 d4 33. cxd4 exd4 34.
Bd3 Rb8 35. Rxa7 Rxa7 36. Rxa7 Be8 37. Ra6 Rxb4 38. c6 Kf7 39. c7 Bd7 40. Ra8
1-0

[Event "Wch Rapid"]
[Site "St Petersburg"]
[Date "2018.12.27"]
[Round "8"]
[White "Salem, AR Saleh"]
[Black "Kamsky, Gata"]
[Result "1/2-1/2"]
[WhiteElo "2660"]
[BlackElo "2666"]
[PlyCount "65"]
[EventDate "2018.12.26"]
[EventType "swiss (rapid)"]
[EventRounds "15"]
[EventCountry "RUS"]
[SourceTitle "CBM 187 Extra"]
[Source "ChessBase"]
[SourceDate "2018.11.04"]
[SourceVersion "1"]
[SourceVersionDate "2018.11.04"]
[SourceQuality "1"]

1. d4 d5 2. c4 c6 3. Nf3 Nf6 4. Nc3 a6 5. g3 Bf5 6. Bg2 e6 7. O-O Nbd7 8. Nh4
Bg6 9. Nxg6 hxg6 10. Qb3 Qb6 11. Bf4 Be7 12. Qxb6 Nxb6 13. c5 Nbd7 14. b4 O-O
15. Rfd1 Rfe8 16. h3 Bd8 17. Bd6 e5 18. e4 exd4 19. Rxd4 dxe4 20. Nxe4 Nxe4 21.
Rxe4 Rxe4 22. Bxe4 Bf6 23. Rd1 Re8 24. Bf3 Bc3 25. a3 Re1+ 26. Rxe1 Bxe1 27.
Bg4 f5 28. Be2 Kf7 29. Bc4+ Kf6 30. Bc7 Ke7 31. Bd6+ Kf6 32. Bc7 Ke7 33. Bd6+
1/2-1/2

[Event "Wch Rapid"]
[Site "St Petersburg"]
[Date "2018.12.27"]
[Round "9"]
[White "Kamsky, Gata"]
[Black "Firouzja, Alireza"]
[Result "1/2-1/2"]
[WhiteElo "2666"]
[BlackElo "2607"]
[PlyCount "78"]
[EventDate "2018.12.26"]
[EventType "swiss (rapid)"]
[EventRounds "15"]
[EventCountry "RUS"]
[SourceTitle "CBM 187 Extra"]
[Source "ChessBase"]
[SourceDate "2018.11.04"]
[SourceVersion "1"]
[SourceVersionDate "2018.11.04"]
[SourceQuality "1"]

1. d4 Nf6 2. Nf3 g6 3. c3 Bg7 4. Bf4 O-O 5. Nbd2 d6 6. h3 c5 7. dxc5 dxc5 8. e4
Nc6 9. Be2 Nh5 10. Bh2 Bh6 11. g4 Bxd2+ 12. Qxd2 Qxd2+ 13. Nxd2 Ng7 14. Nc4 Be6
15. O-O-O f5 16. exf5 gxf5 17. f3 Rad8 18. Bg3 f4 19. Bf2 b6 20. a4 Kh8 21.
Rhe1 Bd5 22. b3 Ne6 23. h4 Kg7 24. Kc2 h6 25. Rd2 Kf6 26. Red1 Nc7 27. Na3 Be6
28. Rxd8 Rxd8 29. Rxd8 Nxd8 30. b4 Bd7 31. a5 cxb4 32. cxb4 bxa5 33. bxa5 Nc6
34. Kd2 Nxa5 35. Bxa7 Nc6 36. Bf2 e5 37. Nb5 Nxb5 38. Bxb5 Nb8 39. Ba7 Bxb5
1/2-1/2

[Event "Wch Rapid"]
[Site "St Petersburg"]
[Date "2018.12.27"]
[Round "10"]
[White "Zubov, Alexander"]
[Black "Kamsky, Gata"]
[Result "1/2-1/2"]
[WhiteElo "2597"]
[BlackElo "2666"]
[PlyCount "99"]
[EventDate "2018.12.26"]
[EventType "swiss (rapid)"]
[EventRounds "15"]
[EventCountry "RUS"]
[SourceTitle "CBM 187 Extra"]
[Source "ChessBase"]
[SourceDate "2018.11.04"]
[SourceVersion "1"]
[SourceVersionDate "2018.11.04"]
[SourceQuality "1"]

1. d4 d5 2. c4 c6 3. Nf3 Nf6 4. Qb3 g6 5. e3 Bg7 6. Nc3 O-O 7. Be2 e6 8. O-O
Nbd7 9. Rd1 a6 10. a4 a5 11. Qc2 Re8 12. b3 b6 13. cxd5 exd5 14. Ba3 Bb7 15.
Rac1 Bh6 16. Bf1 Ne4 17. Nxe4 Rxe4 18. g3 Bf8 19. Bxf8 Qxf8 20. Qb2 Qd6 21. Rc2
Re7 22. Rb1 Re6 23. Bh3 f5 24. Bg2 h6 25. Rcc1 g5 26. b4 axb4 27. Qxb4 Qxb4 28.
Rxb4 Ba6 29. Ne5 Nxe5 30. dxe5 Bc4 31. f4 Kf7 32. e4 gxf4 33. gxf4 fxe4 34.
Bxe4 dxe4 35. Rbxc4 c5 36. Rf1 Rg6+ 37. Kh1 e3 38. Re4 Rg4 39. Rf3 e2 40. Rxe2
Rxa4 41. Ref2 Ra1+ 42. Rf1 Rxf1+ 43. Rxf1 Ke6 44. h3 Rg8 45. Rg1 Rxg1+ 46. Kxg1
b5 47. Kf2 b4 48. Ke3 b3 49. Kd3 c4+ 50. Kc3 1/2-1/2

[Event "Wch Rapid"]
[Site "St Petersburg"]
[Date "2018.12.28"]
[Round "11"]
[White "Kamsky, Gata"]
[Black "Sargissian, Gabriel"]
[Result "1/2-1/2"]
[WhiteElo "2666"]
[BlackElo "2689"]
[PlyCount "71"]
[EventDate "2018.12.26"]
[EventType "swiss (rapid)"]
[EventRounds "15"]
[EventCountry "RUS"]
[SourceTitle "CBM 187 Extra"]
[Source "ChessBase"]
[SourceDate "2018.11.04"]
[SourceVersion "1"]
[SourceVersionDate "2018.11.04"]
[SourceQuality "1"]

1. e4 e5 2. Nf3 Nc6 3. Nc3 Nf6 4. d4 exd4 5. Nxd4 Bb4 6. Nxc6 bxc6 7. Bd3 O-O
8. O-O d5 9. exd5 cxd5 10. h3 c6 11. Qf3 Rb8 12. Bf4 Bd6 13. b3 Qc7 14. Bxd6
Qxd6 15. Na4 Be6 16. Rad1 c5 17. c4 d4 18. Rfe1 Bd7 19. Nb2 Bc6 20. Qf5 Rfe8
21. Bc2 g6 22. Qg5 Kg7 23. f3 h6 24. Qh4 a5 25. Nd3 Bd7 26. Qf2 Bf5 27. Nb2
Bxc2 28. Qxc2 Nh5 29. Qd2 Nf4 30. h4 Ra8 31. Kf2 Rad8 32. Rxe8 Rxe8 33. Re1
Rxe1 34. Qxe1 d3 35. Qc3+ Kg8 36. g3 1/2-1/2

[Event "Wch Rapid"]
[Site "St Petersburg"]
[Date "2018.12.28"]
[Round "12"]
[White "Saric, Ivan"]
[Black "Kamsky, Gata"]
[Result "1/2-1/2"]
[WhiteElo "2695"]
[BlackElo "2666"]
[PlyCount "57"]
[EventDate "2018.12.26"]
[EventType "swiss (rapid)"]
[EventRounds "15"]
[EventCountry "RUS"]
[SourceTitle "CBM 187 Extra"]
[Source "ChessBase"]
[SourceDate "2018.11.04"]
[SourceVersion "1"]
[SourceVersionDate "2018.11.04"]
[SourceQuality "1"]

1. e4 c5 2. Nf3 e6 3. d4 cxd4 4. Nxd4 a6 5. Bd3 g6 6. c4 Bg7 7. Nb3 Ne7 8. O-O
Nbc6 9. Nc3 O-O 10. Bf4 d5 11. exd5 exd5 12. c5 b6 13. Bd6 bxc5 14. Bxc5 Re8
15. Re1 Rb8 16. Qd2 a5 17. Nb5 a4 18. N3d4 Nxd4 19. Nxd4 Bd7 20. Bf1 Nf5 21.
Rxe8+ Qxe8 22. Re1 Qc8 23. Ba7 Nxd4 24. Bxd4 Qf8 25. Bxg7 Qxg7 26. Qxd5 Be6 27.
Qe4 Qxb2 28. Qxa4 Qxa2 29. Qxa2 1/2-1/2

[Event "Wch Rapid"]
[Site "St Petersburg"]
[Date "2018.12.28"]
[Round "13"]
[White "Kamsky, Gata"]
[Black "Mchedlishvili, Mikheil"]
[Result "1-0"]
[WhiteElo "2666"]
[BlackElo "2610"]
[PlyCount "83"]
[EventDate "2018.12.26"]
[EventType "swiss (rapid)"]
[EventRounds "15"]
[EventCountry "RUS"]
[SourceTitle "CBM 187 Extra"]
[Source "ChessBase"]
[SourceDate "2018.11.04"]
[SourceVersion "1"]
[SourceVersionDate "2018.11.04"]
[SourceQuality "1"]

1. d4 Nf6 2. Nf3 g6 3. c3 Bg7 4. Bf4 O-O 5. Nbd2 d6 6. h3 Nbd7 7. e3 b6 8. a4
a6 9. Bc4 Bb7 10. O-O Ra7 11. Re1 Qa8 12. Bh2 c5 13. Qb3 Bh6 14. Bf1 Ne4 15.
Nxe4 Bxe4 16. Nd2 Bc6 17. Qa3 Rc8 18. Nc4 Qb8 19. dxc5 Nxc5 20. a5 b5 21. Nb6
Rcc7 22. c4 bxc4 23. Bxc4 Nd7 24. Qb3 Qe8 25. Rac1 Bg7 26. Qa2 Ne5 27. Bxe5
Bxe5 28. b4 e6 29. Qe2 Bb7 30. e4 Qd8 31. Qe3 Bc6 32. Red1 Qf6 33. g3 Qe7 34.
Bf1 Qe8 35. Nc4 Bb5 36. Nxe5 dxe5 37. Rxc7 Rxc7 38. Qb6 Rc8 39. Bxb5 axb5 40.
a6 Kg7 41. a7 Qe7 42. Qb8 1-0

[Event "Wch Rapid"]
[Site "St Petersburg"]
[Date "2018.12.28"]
[Round "14"]
[White "Zhigalko, Sergei"]
[Black "Kamsky, Gata"]
[Result "1/2-1/2"]
[WhiteElo "2604"]
[BlackElo "2666"]
[PlyCount "55"]
[EventDate "2018.12.26"]
[EventType "swiss (rapid)"]
[EventRounds "15"]
[EventCountry "RUS"]
[SourceTitle "CBM 187 Extra"]
[Source "ChessBase"]
[SourceDate "2018.11.04"]
[SourceVersion "1"]
[SourceVersionDate "2018.11.04"]
[SourceQuality "1"]

1. e4 e5 2. Nf3 Nc6 3. Bb5 a6 4. Ba4 Nf6 5. O-O Be7 6. Re1 b5 7. Bb3 d6 8. c3
O-O 9. h3 Nb8 10. d4 Nbd7 11. Nbd2 Bb7 12. Bc2 Re8 13. Nf1 Bf8 14. Ng3 g6 15.
b3 c6 16. Bg5 h6 17. Be3 Bg7 18. Qd2 Kh7 19. Rad1 Qe7 20. Qc1 Rad8 21. a4 Nf8
22. b4 Qc7 23. dxe5 dxe5 24. Bb3 Bc8 25. a5 Rxd1 26. Rxd1 Be6 27. Bb6 Qb8 28.
Qc2 1/2-1/2